Enter the Password - Statistics

General Stats
  • This quiz has been taken 126 times
  • The average score is 8 of 13
Answers on the Map
Answers color-coded by a green-red scale on the quiz's map according to % correct below.
 
Answer Stats
Answer % Correct
Execute
99%
Yes
99%
Sun
97%
Red
95%
3 Mile
81%
Ostrich
64%
Arial, Ariel, Aerial
58%
6
48%
Vitamin K
43%
Eggs
31%
1932
25%
Yellow
18%
20692
4%
No matching quizzes found
Score Distribution
Percent of People with Each Score
Percentile by Number Answered
Your Score History
You have not taken this quiz